书目信息 |
| 题名: |
Autodesk Aliasstudio汽车设计实战手册
|
|
| 作者: | 魏强 , 韩懋豪 , 刘晶波 编著 | |
| 分册: | ||
| 出版信息: | 北京 中国建筑工业出版社 2009.02 |
|
| 页数: | 326页 | |
| 开本: | 26cm | |
| 丛书名: | ||
| 单 册: | ||
| 中图分类: | U462.2-39 | |
| 科图分类: | ||
| 主题词: | 汽车--qi che--造型设计 | |
| 电子资源: | ||
| ISBN: | 978-7-112-10546-5 | |
| 000 | 01062nam0 2200289 450 | |
| 001 | 012009019109 | |
| 005 | 20091007151907.29 | |
| 010 | @a978-7-112-10546-5@dCNY65.00 (含光盘) | |
| 010 | @a978-7-89475-027-3@b光盘 | |
| 100 | @a20091007d2009 em y0chiy0120 ea | |
| 101 | 0 | @achi |
| 102 | @aCN@b110000 | |
| 105 | @aa z 000yy | |
| 106 | @ar | |
| 200 | 1 | @aAutodesk Aliasstudio汽车设计实战手册@AAutodesk Aliasstudio qi che she ji shi zhan shou ce@f魏强 ... [等] 编著@Fwei qiang...[deng]bian zhu |
| 210 | @a北京@c中国建筑工业出版社@d2009.02 | |
| 215 | @a326页@c图@d26cm | |
| 300 | @aAutodesk授权培训中心推荐教材 | |
| 314 | @a题名页题 : 魏强, 韩懋豪, 刘晶波, 高燚编著 | |
| 330 | @a本书内容包括:AliasStudio建模基础、AliasStudio的曲线建模、AliasStudio曲面建模、汽车正向建模、逆向工程曲面制作等。 | |
| 606 | 0 | @a汽车@Aqi che@x造型设计 |
| 690 | @aU462.2-39@v4 | |
| 701 | 0 | @a魏强@Awei qiang@4编著 |
| 701 | 0 | @a韩懋豪@Ahan mao hao@4编著 |
| 701 | 0 | @a刘晶波@Aliu jing bo@4编著 |
| 801 | 0 | @aCN@bQSSK@c20091007 |
| 905 | @b759571-75@dU462.2-39@eW591@f5 | |
| Autodesk Aliasstudio汽车设计实战手册/魏强 ... [等] 编著.-北京:中国建筑工业出版社,2009.02 |
| 326页:图;26cm |
| Autodesk授权培训中心推荐教材 |
| ISBN 978-7-112-10546-5:CNY65.00 (含光盘) |
| 本书内容包括:AliasStudio建模基础、AliasStudio的曲线建模、AliasStudio曲面建模、汽车正向建模、逆向工程曲面制作等。 |
| ● |
| 相关链接 |
|
|
|
正题名:Autodesk Aliasstudio汽车设计实战手册
索取号:U462.2-39/W591
 
预约/预借
| 序号 | 登录号 | 条形码 | 馆藏地/架位号 | 状态 | 备注 |
| 1 | 759571 | 207595716 | 自科库501/501自科库 56排1列1层/ [索取号:U462.2-39/W591] | 在馆 | |
| 2 | 759572 | 207595725 | 自科库501/501自科库 56排1列1层/ [索取号:U462.2-39/W591] | 在馆 | |
| 3 | 759573 | 207595734 | 期刊室512/501自科库 85排1列5层/ [索取号:U462.2-39/W591] | 在馆 | |
| 4 | 759574 | 207595743 | 自科库501/501自科库 56排1列1层/ [索取号:U462.2-39/W591] | 在馆 | |
| 5 | 759575 | 207595752 | 自科二线400A/400A自科库 25排3列2层/ [索取号:U462.2-39/W591] | 在馆 |